000 03541nam a2200493 c 4500
003 BLK
005 20241114005504.0
008 180411b bul|||||r ||||||| ||bul||
010 _aKNG00188037000
020 _a978-954-01-3130-6
_bиздат.: Просвета
040 _aBLK
041 _aBUL
_cBUL
072 7 _2bullib
_aН82
_xЛитературознание Н
080 _aБългарска литература
_b821.163.2
_x-055.2(092)
_z821.163.2-055.2(092)
080 _aБиографии
_b929
_x(497.2)
_z929(497.2)
100 _aИванчева, Ирен Иванова
_9364329
139 _aИванчева, Ирен Иванова
_bИ 25
245 1 0 _aГласове на жени в българската поезия
_bАспекти на междутекстовост (от средата на ХІХ до 40 -те год. на ХХ в.)
_cИрен Иванова Иванчева.
257 _aBGR
260 София
_bПросвета
_c2015
_fСофия : Монт
300 _a464 с.
_c20 см
380 _a82
490 1 _aНова българска критика
600 1 4 _aМутева, Елена Стефанова
_9373793
600 1 4 _aКазалийска, Рада Вълчева
_9222678
600 0 _aНиколица-Спасо-Еленина, Станка
_d1835 - 1920
_gпоетеса, учителка, живяла в Русе
_9285788
600 1 4 _aВасилева, Екатерина Михайлова
_9341712
600 1 4 _aНенчева, Екатерина Димитрова
_9383599
600 0 _aГабе, Дора Петрова
_gПоетеса и писателка. Преводачка от полски език.
_d1886-1983
_qГабе, Изидора Петрова
_9369524
600 1 4 _aБелчева, Мара Иванова
_9364240
600 1 4 _aПетканова, Магда
_d16.08.1900 – 16.05.1970
_gМагда Петканова е българска поетеса, сценарист и драматург. За първи път печата свои стихове във вестник „Неделно утро“ през 1923 г. По-късно редовно сътрудничи на „Вестник на жената“, „Демократически преглед“, „Изкуство и критика“. През 1927 г. литературната задруга „Хиперион“ издава първата ѝ стихосбирка „Македонски песни“. Най-значителната ѝ стихосбирка е „Кавали свирят“. След 1945 г. Магда Петканова се отдава на драматургията. Пиесите си пише в стихове. Драмата ѝ „Царица Теодора“ е поставена в Народния театър. Автор и на сценарии за игрални филми и либрета за опери. Превежда от полски, чешки и сърбохърватски.
_qМагда Петканова
_9383600
650 4 _aПоети, български - творчество
_9250545
651 4 _aБългария
_9241624
653 _aбългарски поети
653 _aжени
653 _aтворчество
659 _aН
852 _aЦб 280683
856 4 _qpdf
_u
856 4 _qpdf
_u
942 _cKNG
_n0
944 _aCR
_c28.05.2016
_lCRON CRON
_k
944 _aED
_c07.07.2016
_lф /
_kЛюдмила_Стоянова
999 _c179258
_d179258